000 00357nam a2200133Ia 4500
008 240624s9999 xx 000 0 und d
041 _aeng
082 _a005.54 DOD
100 _aDODGE MARK
245 _aMICROSOFT OFFICE EXCEL 2007 INSIDE OUT
260 _c2007
_aNew Delhi
_bPrentice-Hall of India
300 _axxviii, : 1056 : p. : cm. ; 23
365 _cRS
999 _c6224
_d6224